Biggest Non Capital Cities that start with the Same Letter 3 - Statistics

General Stats
  • This quiz has been taken 14 times
  • The average score is 12 of 21
Answer Stats
2nd Biggest By Letter Capital % Correct
*Almaty Astana
93%
Bremen Berlin
93%
!Nagpur New Delhi
86%
Reyðarfjörður Reykjavik
86%
Al Ain Abu Dhabi
79%
Tabriz Tehran
79%
Nouadhibou Nouakchott
71%
^Santa Cruz de la Sierra* Sucre
71%
Antsirabe Antananarivo
64%
Baotou Beijing
57%
Christiansfeld Copenhagen
50%
^La Guardia La Paz
50%
Ar Ramtha Amman
43%
Balykchy Bishkek
43%
Holguin Havana
43%
Nicholls Town Nassau
43%
Neiafu Nuku'alofa
43%
Arkadag Ashgabat
36%
Sammanthurai Sri Kotte
36%
Tepelene Tirana
29%
Ashaiman Accra
21%
No matching quizzes found
Score Distribution
Percent of People with Each Score
Percentile by Number Answered
Your Score History
You have not taken this quiz